Unlocking constitutional & administrative law (Record no. 2729)

MARC details
000 -LEADER
fixed length control field 01369cam a2200361Li 4500
001 - CONTROL NUMBER
control field ocn758724134
003 - CONTROL NUMBER IDENTIFIER
control field TZ-ArACH
005 - DATE AND TIME OF LATEST TRANSACTION
control field 20130829115033.0
008 - FIXED-LENGTH DATA ELEMENTS--GENERAL INFORMATION
fixed length control field 101221s2010 enka f 001 0 eng d
015 ## - NATIONAL BIBLIOGRAPHY NUMBER
National bibliography number GBB022301
020 ## - INTERNATIONAL STANDARD BOOK NUMBER
International Standard Book Number 9781444109214 (br)
020 ## - INTERNATIONAL STANDARD BOOK NUMBER
International Standard Book Number 1444109219 (br)
035 ## - SYSTEM CONTROL NUMBER
System control number (OCoLC)758724134
040 ## - CATALOGING SOURCE
Original cataloging agency ZWZ
Language of cataloging fre
Description conventions ncafnor
Transcribing agency TZ-ArACH
049 ## - LOCAL HOLDINGS (OCLC)
Holding library TZAA
050 #4 - LIBRARY OF CONGRESS CALL NUMBER
Classification number KD3930
Item number .R93
082 04 - DEWEY DECIMAL CLASSIFICATION NUMBER
Classification number 342.41
Edition number 22
100 1# - MAIN ENTRY--PERSONAL NAME
Personal name Ryan, Mark.
Relator term Auteur.
9 (RLIN) 13327
245 10 - TITLE STATEMENT
Title Unlocking constitutional & administrative law
Medium [Texte imprimé] /
Statement of responsibility, etc Mark Ryan ; with contributions from Steve Foster.
250 ## - EDITION STATEMENT
Edition statement 2nd edition.
260 ## - PUBLICATION, DISTRIBUTION, ETC. (IMPRINT)
Place of publication, distribution, etc London :
Name of publisher, distributor, etc Hodder Education,
Date of publication, distribution, etc 2010.
300 ## - PHYSICAL DESCRIPTION
Extent 1 vol. (xliv-537 p.) ;
Dimensions 27 cm.
490 1# - SERIES STATEMENT
Series statement Unlocking the law
504 ## - BIBLIOGRAPHY, ETC. NOTE
Bibliography, etc Notes bibliogr. Index., ill
650 #7 - SUBJECT ADDED ENTRY--TOPICAL TERM
Topical term or geographic name as entry element Droit constitutionnel
Geographic subdivision Grande-Bretagne.
9 (RLIN) 13328
650 #7 - SUBJECT ADDED ENTRY--TOPICAL TERM
Topical term or geographic name as entry element Droit administratif
Geographic subdivision Grande-Bretagne.
9 (RLIN) 13329
650 #7 - SUBJECT ADDED ENTRY--TOPICAL TERM
Topical term or geographic name as entry element Constitutional law
Geographic subdivision Great Britain.
9 (RLIN) 13330
650 #7 - SUBJECT ADDED ENTRY--TOPICAL TERM
Topical term or geographic name as entry element Administrative law
Geographic subdivision Great Britain.
9 (RLIN) 13331
700 1# - ADDED ENTRY--PERSONAL NAME
Personal name Foster, Steve
Dates associated with a name (1955-....).
Relator term Auteur.
9 (RLIN) 13332
942 ## - ADDED ENTRY ELEMENTS (KOHA)
Source of classification or shelving scheme Library of Congress Classification
Koha item type Books
Holdings
Home library Current library Shelving location Date acquired Full call number Barcode Koha item type
African Court on Human and Peoples' Rights Library African Court on Human and Peoples' Rights Library   29/08/2013 KD3930 .R93 10031510 Books
African Court on Human and Peoples' Rights Library African Court on Human and Peoples' Rights Library   29/08/2013 KD3930 .R93 10031472 Books

African Court on Human and Peoples' Rights | For Inquiries Contact » +255 272 510 510